Východiská priemyslu 4.0 pre oblasť poistného sektora
Inovácie a technologické zmeny ovplyvnili sektor poisťovníctva. Digitalizácia v poisťovníctve prináša nielen technologický pokrok, ktorý otvára nové možnosti poistenia rizík, ale aj inovatívne formy distribúcie a dodávky produktov na mieru pre klientov. Zároveň však prináša aj hrozby pre sektor zo v...
Salvato in:
| Autore principale: | |
|---|---|
| Natura: | Capitolo di libro |
| Lingua: | slovacco |
| Soggetti: | |
| Tags: |
Nessun Tag, puoi essere il primo ad aggiungerne!!
|
MARC
| LEADER | 00000naa$a2200000$$$4500 | ||
|---|---|---|---|
| 001 | 0289276 | ||
| 005 | 20240502074431.0 | ||
| 041 | 0 | |a slo | |
| 044 | |a SK | ||
| 245 | 1 | 0 | |a Východiská priemyslu 4.0 pre oblasť poistného sektora |c Tomáš Ondruška |
| 520 | |a Inovácie a technologické zmeny ovplyvnili sektor poisťovníctva. Digitalizácia v poisťovníctve prináša nielen technologický pokrok, ktorý otvára nové možnosti poistenia rizík, ale aj inovatívne formy distribúcie a dodávky produktov na mieru pre klientov. Zároveň však prináša aj hrozby pre sektor zo vstupu nových konkurentov, ktorým už poisťovne pracujúce na tradičných princípoch nemusia stačiť, ak téme digitalizácie a nových technológií nevenujú dostatok priestoru. Cieľom článku je poukázať na významné oblasti digitalizácie pre sektor poisťovníctva a špecifikovať príležitosti a hrozby, ktoré nové technológie prinášajú. | ||
| 610 | 2 | 0 | |a poisťovníctvo |
| 610 | 2 | 0 | |a digitalizácia |
| 610 | 2 | 0 | |a poistenie |
| 610 | 2 | 0 | |a inovácia |
| 610 | 2 | 0 | |a priemysel 4.0 |
| 100 | 1 | |a Ondruška, Tomáš, 1988- | |